LEADER 00894nam 2200313 450 001 9910145933003321 005 20041104000000.0 035 $a(CKB)1000000000279097 035 $a(ItFiC)it 02252102 035 $a(EXLCZ)991000000000279097 100 $a20060828d2004 uy 0 101 0 $aita 200 02$aL'Università degli studi di Firenze $e1924- 2004 210 $aFirenze $cL. S. Olschki$d2004 215 $a2 v. (xxiii, 798 p., [4] leaves of plates) 225 0$aStoria delle università italiane ;$v3 300 $aCollected essays. 300 $aFlorence (Tuscany). 311 $a88-222-5379-5 320 $aIncludes bibliographical references. 676 $a378 676 $a727 676 $a945 801 0$bItFiC 801 1$bItFiC 906 $aBOOK 912 $a9910145933003321 996 $aL'Università degli studi di Firenze$92434296 997 $aUNINA